Arabian Countries Quiz - Statistics

General Stats
  • This quiz has been taken 54 times
  • The average score is 17 of 22
Answer Stats
Country Answer % Correct
6 Saudi Arabia
97%
4 Syria
95%
13 Egypt
92%
5 Iraq
92%
1 Jordan
90%
16 Morocco
90%
11 Oman
90%
9 Qatar
90%
12 Yemen
87%
14 Algeria
85%
2 Lebanon
85%
18 Tunisia
85%
7 Kuwait
82%
19 Libya
79%
10 Bahrain
77%
8 United Arab Emirates
74%
15 Sudan
69%
20 Mauritania
59%
17 Somalia
51%
3 Palestine
44%
21 Djibouti
38%
22 Comoros
18%
No matching quizzes found
Score Distribution
Percent of People with Each Score
Percentile by Number Answered
Your Score History
You have not taken this quiz